The noble scholar, jurist, historian


 His Excellency Dr. Abdul Wahhab bin Ibrahim Abu Sulaiman, may Allah have mercy on him.


 He was born in Umm Al-Qura in the year 1356 AH.

التأصيل الشرعي للتعامل مع غير المسلمين / (Record no. 8130)

MARC details
000 -LEADER
fixed length control field 01674cam a2200385 i 4500
003 - CONTROL NUMBER IDENTIFIER
control field OSt
005 - DATE AND TIME OF LATEST TRANSACTION
control field 20250520083049.0
008 - FIXED-LENGTH DATA ELEMENTS--GENERAL INFORMATION
fixed length control field 250518s2011 ku g b f000r0 ara c
020 ## - INTERNATIONAL STANDARD BOOK NUMBER
International Standard Book Number 9789996650154
040 ## - CATALOGING SOURCE
Original cataloging agency KW-KwMAI
Language of cataloging ara
Description conventions rda
041 1# - LANGUAGE CODE
Language code of text/sound track or separate title ara
-- eng
082 04 - DEWEY DECIMAL CLASSIFICATION NUMBER
Classification number 257
Assigning agency SA-RiAUC
090 ## - LOCALLY ASSIGNED LC-TYPE CALL NUMBER (OCLC); LOCAL CALL NUMBER (RLIN)
Classification number (OCLC) (R) ; Classification number, CALL (RLIN) (NR) 257
Local cutter number (OCLC) ; Book number/undivided call number, CALL (RLIN) ا ب ن ح
100 1# - MAIN ENTRY--PERSONAL NAME
Personal name ابن حمزة، مصطفى،
Dates associated with a name 1949-
Relator term مؤلف.
245 12 - TITLE STATEMENT
Title التأصيل الشرعي للتعامل مع غير المسلمين /
Statement of responsibility, etc. تأليف مصطفى بن حمزة ؛ ترجمة عبد النور خراقي.
246 35 - VARYING FORM OF TITLE
Title proper/short title Setting the legal fundamentals to deal with Non-Muslims
250 ## - EDITION STATEMENT
Edition statement الطبعة الأولى.
264 #1 - PRODUCTION, PUBLICATION, DISTRIBUTION, MANUFACTURE, AND COPYRIGHT NOTICE
Place of production, publication, distribution, manufacture الكويت :
Name of producer, publisher, distributor, manufacturer وزارة الأوقاف والشؤون الإسلامية، قطاع الشؤون الثقافية، إدارة الثقافة الإسلامية،
Date of production, publication, distribution, manufacture, or copyright notice 2011
300 ## - PHYSICAL DESCRIPTION
Extent 98، 97 صفحة ؛
Dimensions 24 سم.
336 ## - CONTENT TYPE
Content type term نص
Content type code txt
Source rdacontent
Materials specified كتاب
337 ## - MEDIA TYPE
Media type term بدون وسيط
Media type code n
Source rdamedia
338 ## - CARRIER TYPE
Carrier type term مجلد
Carrier type code nc
Source rdacarrier
490 1# - SERIES STATEMENT
Series statement روافد.
-- مراجعات ؛
Volume/sequential designation 43
500 ## - GENERAL NOTE
General note الإخراج الفني : محمود محمد أبو الفضل.
504 ## - BIBLIOGRAPHY, ETC. NOTE
Bibliography, etc. note يشتمل على إرجاعات ببليوجرافية.
506 0# - RESTRICTIONS ON ACCESS NOTE
Terms governing access يهدى ولا يباع.
520 0# - SUMMARY, ETC.
Summary, etc. أهل الذمة.
546 ## - LANGUAGE NOTE
Language note النص باللغتين العربية والإنجليزية.
650 #7 - SUBJECT ADDED ENTRY--TOPICAL TERM
Topical term or geographic name entry element أهل الذمة (فقه إسلامي)
Source of heading or term aucsh
700 1# - ADDED ENTRY--PERSONAL NAME
Personal name خراقي، عبد النور
Relator term مترجم.
830 #0 - SERIES ADDED ENTRY--UNIFORM TITLE
Uniform title روافد.
Name of part/section of a work مراجعات
Volume/sequential designation 43
856 4# - ELECTRONIC LOCATION AND ACCESS
Uniform Resource Identifier <a href="BOOKS/95">BOOKS/95</a>
942 ## - ADDED ENTRY ELEMENTS (KOHA)
Source of classification or shelving scheme Dewey Decimal Classification
Koha item type Books
Suppress in OPAC No
949 ## - LOCAL PROCESSING INFORMATION (OCLC)
a SA-JeALM
d 250518
u mohamedma123
n 1
Holdings
Withdrawn status Lost status Source of classification or shelving scheme Damaged status Not for loan Home library Current library Date acquired Total checkouts Full call number Barcode Date last seen Price effective from Koha item type
    Dewey Decimal Classification     DR AbdElwahab Library DR AbdElwahab Library 05/20/2025   257 ا ب ن ح 000013284 05/20/2025 05/20/2025 Books